000 00587nam a2200205 u 4500
005 20240924071134.0
008 090604s1999 es r 000 0 spa d
020 _a8433910949
035 _aUPN01000170979
050 4 _aPQ6666 O6.43
_bP6.2
100 1 _aPombo, Alvaro,
_d1939-
245 1 3 _aLa cuadratura del círculo /
_cAlvaro Pombo.
250 _a5a ed.
260 _aBarcelona, Esp. :
_bAnagrama,
_c1999.
300 _a410 p.
440 0 _aNarrativas hispánicas ;
_v264
650 4 _aLiteratura española
_95069
650 0 _aValores en la literatura
_912441
905 _aLibro
999 _c143084
_d143084